000 00387nam a2200145Ia 4500
008 220217s9999||||xx |||||||||||||| ||und||
020 _a9788120340077
082 _a005.1 COR
100 _aCormen, Thomas H.
245 0 _aIntroduction to Algorithms
250 _a3
260 _aPrenice hall of India
_bNew delhi
_c2010
300 _axix;1292
_b425
650 _aCOMPUTER PROGRAMS
999 _c182231
_d182231